Αρχεία της ελληνικής παλιγγενεσίας : ανθολόγιο
Αποθηκεύτηκε σε:
| Άλλοι συγγραφείς: | , |
|---|---|
| Μορφή: | Βιβλίο |
| Γλώσσα: | Greek |
| Δημοσίευση: |
Αθήνα :
Βουλή των Ελλήνων,
2002.
|
| Θέματα: | |
| Ετικέτες: |
Προσθήκη ετικέτας
Δεν υπάρχουν, Καταχωρήστε ετικέτα πρώτοι!
|
MARC
| LEADER | 00000cam a2200000 i 4500 | ||
|---|---|---|---|
| 001 | 1/38653 | ||
| 008 | 030728s2002 gr | ||| |||| ||gre|| | ||
| 020 | |a 960560048X | ||
| 035 | |l 10070480 | ||
| 040 | |a GR-MY-UA |b gre |e aacr | ||
| 041 | 0 | |a gre | |
| 082 | 7 | |a 938.501 |2 (22) | |
| 245 | 0 | 0 | |a Αρχεία της ελληνικής παλιγγενεσίας : |b ανθολόγιο / |c επιμέλεια: Ε. Κορομηλά, Γ. Κόκκινος. |
| 260 | |a Αθήνα : |b Βουλή των Ελλήνων, |c 2002. | ||
| 300 | |a 470 σ. ; |c 24 εκ. | ||
| 500 | |a Περιέχει ευρετήριο. | ||
| 651 | 0 | |a Greece |x History |y War of Independence, 1821-1829 |x Sources. | |
| 700 | 1 | |a Κορομηλά, Έφη, |e edtf | |
| 700 | 1 | |a Κόκκινος, Γιώργος, |d 1960- |e edt | |
| 852 | |a INST |b RHODES |e 20040319 |h 938.501 ΑΡΧ |p 005400020006 |q 005400020006 |t BK |y 0 | ||
| 852 | |a INST |b RHODES |e 20030728 |h 938.501 ΑΡΧ |p 005400020195 |q 005400020195 |t BK |y 0 | ||
| 901 | |a BIBL4-2003-2 | ||
| 909 | |a Ρ |b 104891 | ||
| 909 | |a Ρ |b 104921 | ||
| 970 | |a ΚΟΥΛΑΚΙΟΤΗ |b ΛΙΤΣΑ |z 2003/07/28 | ||